000
00259nam a2200109Ia 4500
008
220204s9999 xx 000 0 und d
082
_a
82-3
_b
WAL;1
100
_a
Waller, Leslie
245
0
_a
Hide in plain sight
260
_a
New York
_b
Dell
_c
1976
942
_c
BK
999
_c
28535
_d
28535